One Piece Hot Men - Statistics

General Stats
  • This quiz has been taken 287 times
  • The average score is 21 of 64
Answer Stats
Hint Answer % Correct
Z Zoro
90%
L Luffy
88%
A Ace
79%
L Law
79%
D Doflamingo
58%
C Crocodile
56%
M Mihawk
56%
B Brook
52%
A Aokiji
51%
D Dragon
51%
K Katakuri
51%
R Roger
51%
J Jinbe
47%
K Kidd
47%
W Whitebeard
47%
B Buggy
46%
K King
44%
M Marco
43%
R Rob Lucci
43%
S Smoker
43%
R Rayleigh
42%
K Killer
41%
S S-Hawk
40%
E Enel
38%
K Kaku
38%
O Oden
38%
X X Drake
38%
B Bartolomeo
35%
C Cavendish
35%
H Hawkins
34%
B Benn Beckman
31%
C Corazon
30%
Y Yasopp
30%
Y Yamato
29%
I Ichiji
28%
N Niji
27%
Y Yonji
27%
M Momonosuke
26%
U Urouge
26%
I Iceburg
25%
P Paulie
25%
P Pedro
25%
C Cracker
22%
I Izou
18%
P Page One
18%
W Wyper
15%
L Loki
14%
I Ideo
12%
F Fisher Tiger
11%
K Kalgara
11%
S Shaka
11%
V Van Augur
11%
C Ceasar
10%
D Duval
10%
D Dellinger
9%
G Gladius
9%
P Penguin
9%
T Thatch
9%
J Joy Boy
8%
S Shachi
7%
A Aladine
5%
S Sunji
3%
Z Zepo
3%
R Randolph
2%
No matching quizzes found
Score Distribution
Percent of People with Each Score
Percentile by Number Answered
Your Score History
You have not taken this quiz